000 00281nam a22000977a 4500
008 230726b |||||||| |||| 00| 0 eng d
082 _a333.95
245 _aTrainer Manual: Track 3, Course 1-3
_bSchool-based prevention intervention and policies
300 _a95 p.
_c28 cm
942 _2ddc
999 _c9616
_d9617